LDR 00762naa#a2200181#i#450# 001 EN\\bibl\115364 005 20260430160039.4 011 ## _a1994-4683 100 ## _a20260429b2026####ek#y0engy0150####ca 102 ## _aRU 200 1# _aSpecialized offensive strategies as a factor enhancing competitive performance in elite female basketball players _eJournal article 210 1# _aMoscow _cNational State University of Physical Education, Sports and Health named after P.F. Lesgaft _d2026 215 ## _a6 с. 608 ## _aJournal article _2local 675 ## _aБаскетбол. Схожие игры с мячом и корзиной. 796.323 _z 700 #1 _aNeterovskiy _gDmitriy Ivanovich 700 #1 _aPashkova Alexandrovna _gTatyana Alexandrovna 856 4# _auchzapiski.lesgaft.spb.ru _u